00626nam a2200193Ia 450000500170000000800410001704000190005804100120007708200160008924501080010525000120021326000310022530000180025650400500027465000390032465100350036370000240039885000100042220221214134546.0131103s9999 xx 000 0 und d aLoreto College aEnglish a813.08bBRA 4aThe American Tradition In Literaturecedited by Sculley Bradley,Richmond Groom Beatty and E.Hudson Long arev.ed. aNew YorkbW.W.Nortonc1956 axxiv,1706 p.  aIncludes bibliographical references and index aAmerican Literature - Collections  aAmerican Fiction - Collections aBradley,Sculley,ed. aLCLIB